European Capitals Without An "I" In Their Name - Statistics

General Stats
  • This quiz has been taken 279 times
    265 since last reset
  • The average score is 22 of 24
Answer Stats
Answer % Correct
London
98%
Brussels
97%
Rome
97%
Amsterdam
96%
Bucharest
96%
Oslo
96%
Budapest
95%
Stockholm
95%
Athens
94%
Bern
93%
Moscow
93%
Copenhagen
92%
Luxembourg
92%
Monaco
91%
Andorra La Vella
90%
Prague
90%
Warsaw
90%
Valletta
89%
Skopje
88%
Vaduz
87%
Zagreb
87%
Belgrade
86%
Sarajevo
86%
Ljubljana
76%
No matching quizzes found
Score Distribution
Percent of People with Each Score
Percentile by Number Answered
Your Score History
You have not taken this quiz since the last reset